000 00665nam a22001575i 4500
001 161011
003 ES-MaACL
005 20230906212156.0
008 950206s1899 sp a |||| | spa d
040 _aCARM
_bspa
_cCCPB | PA2
100 1 _aOlsson, D.G.O.
_9130648
245 1 0 _aLa turbina de vapor de Gustavo de Laval /
_cpor D.G.O. Olsson ; conferencia dada el 8 de Febrero de 1898 en la Asociation de Ingenieros de Copenhague.
260 _aMadrid :
_b[s.n.],
_c1899 (
_fEst. Tip. de la Viuda é Hijos de M. Tello)
300 _a27 p. :
_bil. ;
_c25 cm.
852 _aES-MaACL
_jT-928-F-1
_z-- Enc. hol. conservando la cub. original
_z-- Enc. en un vol. facticio
999 _c161011
_d161011